| 000 -CABECERA |
| Longitud fija campo de control |
00726nam a2200205 a 4500 |
| 001 - NÚMERO DE CONTROL |
| Número de control |
711 |
| 003 - IDENTIFICADOR DEL NÚMERO DE CONTROL |
| Identificador del número de control |
CDMR |
| 005 - FECHA Y HORA DE LA ÚLTIMA TRANSACCIÓN |
| Fecha y hora de la última transacción |
20151022134202.0 |
| 008 - CÓDIGOS DE INFORMACIÓN DE LONGITUD FIJA |
| Códigos de información de longitud fija |
130130s2004||||||||||||||||||||||||||||d |
| 020 ## - NÚMERO INTERNACIONAL NORMALIZADO PARA LIBROS |
| Número Internacional Normalizado para Libros (ISBN) |
9981831298 |
| 040 ## - FUENTE DE LA CATALOGACIÓN |
| Centro catalogador de origen |
CDMR |
| Lengua de catalogación |
cat |
| Centro transcriptor |
CDMR |
| 100 1# - PUNTO DE ACCESO PRINCIPAL-NOMBRE DE PERSONA |
| Nombre de persona |
Ezzaim, Allal |
| 9 (RLIN) |
548 |
| 245 10 - MENCIÓN DE TÍTULO |
| Título |
Diario del exilio desde Madrid |
| Resto del título |
: la prensa española ante la destitución del Sultán Mohamed V |
| Mención de responsabilidad, etc. |
Allal Ezzaim |
| 260 ## - PUBLICACIÓN, DISTRIBUCIÓN, ETC. (PIE DE IMPRENTA) |
| Lugar de publicación, distribución, etc. |
Rabat |
| Fecha de publicación, distribución, etc. |
2004 |
| Nombre del editor, distribuidor, etc. |
Ediciones del Alto Comisionado para los Antiguos Resistentes y los Miembros del Ejército de Liberación |
| 300 ## - DESCRIPCIÓN FÍSICA |
| Extensión |
282, 13 p. |
| 650 04 - PUNTO DE ACCESO ADICIONAL DE MATERIA - TÉRMINO DE MATERIA |
| 9 (RLIN) |
2737 |
| Término de materia o nombre geográfico como elemento inicial |
Premsa |
| Subdivisión de materia general |
Dret i legislació |
| Subdivisión geográfica |
España |
| Subdivisión cronológica |
S. XX |
| 650 04 - PUNTO DE ACCESO ADICIONAL DE MATERIA - TÉRMINO DE MATERIA |
| 9 (RLIN) |
3246 |
| Término de materia o nombre geográfico como elemento inicial |
Espanya |
| Subdivisión de materia general |
Política |
| 650 04 - PUNTO DE ACCESO ADICIONAL DE MATERIA - TÉRMINO DE MATERIA |
| 9 (RLIN) |
3994 |
| Término de materia o nombre geográfico como elemento inicial |
Política mundial |
| Subdivisión cronológica |
S. XX |
| 942 ## - ENTRADA DE ELEMENTOS AGREGADOS (KOHA) |
| Koha [por defecto] tipo de item |
Monografies |
| Fuente de clasificaión o esquema |
|